Normal view
MARC view
Entry Personal Name
001 - CONTROL NUMBER
- control field: 178609
003 - CONTROL NUMBER IDENTIFIER
- control field: OSt
005 - DATE AND TIME OF LATEST TRANSACTION
- control field: 20240903151010.0
008 - FIXED-LENGTH DATA ELEMENTS
- fixed length control field: 240903|| aca||aabn | a|a d
040 ## - CATALOGING SOURCE
- Original cataloging agency: OSt
- Transcribing agency: OSt
100 ## - HEADING--PERSONAL NAME
- Personal name: BAHRI (Hardev).
- Dates associated with a name: हरदेव बहरी
670 ## - SOURCE DATA FOUND
- Source citation: Work cat.: (OSt)113852: BAHRI (Hardev). हरदेव बहरी , Bhojpuri shabda sampada., 1981